<?xml version="1.0" encoding="UTF-8"?>
<collection xmlns="http://www.loc.gov/MARC21/slim">
  <record>
    <leader>00000nam  2200000   4500</leader>
    <controlfield tag="001">INLIS000000000012538</controlfield>
    <controlfield tag="005">20220517091947</controlfield>
    <datafield tag="035" ind1="#" ind2="#">
      <subfield code="a">0010-0522000109</subfield>
    </datafield>
    <datafield tag="245" ind1="1" ind2="#">
      <subfield code="a">Teknik-Teknik Peningkatan Partisipasi Siswa dalam Pembelajaran Daring di Kelas 4 SDN 002 Balikpapan Barat /</subfield>
      <subfield code="c">DEWI ASTUTI, S.PD.</subfield>
    </datafield>
    <datafield tag="100" ind1="1" ind2="#">
      <subfield code="a">ASTUTI, Dewi</subfield>
    </datafield>
    <datafield tag="250" ind1="#" ind2="#">
      <subfield code="a">1</subfield>
    </datafield>
    <datafield tag="300" ind1="#" ind2="#">
      <subfield code="a">38 halaman ; lampiran :</subfield>
      <subfield code="b">ilustrasi ;</subfield>
      <subfield code="c">30 cm</subfield>
    </datafield>
    <datafield tag="260" ind1="#" ind2="#">
      <subfield code="a">Samarinda :</subfield>
      <subfield code="b">Puslatbang KDOD,</subfield>
      <subfield code="c">2021</subfield>
    </datafield>
    <datafield tag="084" ind1="#" ind2="#">
      <subfield code="a">LATSAR 730 2021</subfield>
    </datafield>
    <datafield tag="650" ind1="#" ind2="4">
      <subfield code="a">Pelatihan Dasar</subfield>
    </datafield>
    <datafield tag="650" ind1="#" ind2="4">
      <subfield code="a">Latsar</subfield>
    </datafield>
    <datafield tag="650" ind1="#" ind2="4">
      <subfield code="a">sistem informasi</subfield>
    </datafield>
    <datafield tag="650" ind1="#" ind2="4">
      <subfield code="a">teknologi informasi</subfield>
    </datafield>
    <datafield tag="650" ind1="#" ind2="4">
      <subfield code="a">inovasi pendidikan</subfield>
    </datafield>
    <datafield tag="650" ind1="#" ind2="4">
      <subfield code="a">inovasi pembelajaran</subfield>
    </datafield>
    <datafield tag="650" ind1="#" ind2="4">
      <subfield code="a">Pendidikan Dasar</subfield>
    </datafield>
    <datafield tag="650" ind1="#" ind2="4">
      <subfield code="a">metode pembelajaran</subfield>
    </datafield>
    <datafield tag="520" ind1="#" ind2="#">
      <subfield code="a">Laporan Aktualisasi Pelatihan Dasar ini didasarkan pada isu belum maksimalnya tingkat partisipasi siswa pada google classroom selama masa pandemik sebagai alternatif kelas offline masih belum maksimal sehingga beberapa evaluasi /tugas-tugas tidak dikerjakan, sehingga dibuat empat kegiatan berdasarkan nilai ANEKA (Akuntabilitas, Nasionalisme, Etika public, Komitmen Mutu dan Anti korupsi), yaitu: SI KOMO (Komunikasi dan Motivasi) pada siswa yang tidak aktif dalam kelas, DEDE GEMES (Design tampilan dan Games di dalam kelas, Wajib Lapor 1x 24 jam aktivitas siswa, dan GO FORM untuk aktivitas pengadaan evaluasi untuk siswa dalam Google Form . Kegiatan ini dilaksanakan dari tanggal 24 April -18 Juni 2021</subfield>
    </datafield>
    <datafield tag="500" ind1="#" ind2="#">
      <subfield code="a">Coach : Muhammad Harry Rahmadi, S.Pi., MM.&#13;
Penguji : Dr. Rahmat, MA&#13;
Mentor : Endang Soeharianti, S.Pd</subfield>
    </datafield>
    <datafield tag="990" ind1="#" ind2="#">
      <subfield code="a">LATSAR/730/2021</subfield>
    </datafield>
  </record>
</collection>
